Metodología de la investigación para el área de la salud / (Registro nro. 7969)
[ vista simple ]
| 000 -LEADER | |
|---|---|
| fixed length control field | 02018nam a2200289Ia 4500 |
| 005 - DATE AND TIME OF LATEST TRANSACTION | |
| control field | 20250329173540.0 |
| 008 - FIXED-LENGTH DATA ELEMENTS--GENERAL INFORMATION | |
| fixed length control field | 210412s9999 xx 000 0 und d |
| 020 ## - INTERNATIONAL STANDARD BOOK NUMBER | |
| International Standard Book Number | 9786071509475 |
| 040 ## - CATALOGING SOURCE | |
| Original cataloging agency | CO-CtgCURN |
| Language of cataloging | spa |
| Transcribing agency | coctgcurn |
| 082 ## - DEWEY DECIMAL CLASSIFICATION NUMBER | |
| Classification number | 001.42 |
| Item number | M385m |
| 100 ## - MAIN ENTRY--PERSONAL NAME | |
| Personal name | Martínez Montaño, María del Lurdez Consuelo |
| Relator term | autora |
| 245 #0 - TITLE STATEMENT | |
| Title | Metodología de la investigación para el área de la salud / |
| Medium | [electronic resource] / |
| Statement of responsibility, etc. | María del Lurdez Consuelo Martínez Montaño, Rosendo Briones Rojas, José Gaspar Rodolfo Cortés Riveroll, , |
| 260 ## - PUBLICATION, DISTRIBUTION, ETC. | |
| Place of publication, distribution, etc. | México : |
| Name of publisher, distributor, etc. | Mc Graw Hill, |
| Date of publication, distribution, etc. | 2013 |
| 300 ## - PHYSICAL DESCRIPTION | |
| Extent | recurso en línea (175 páginas) : |
| Other physical details | ilustraciones (color) |
| 336 ## - CONTENT TYPE | |
| Content type term | texto |
| Content type code | txt |
| 337 ## - MEDIA TYPE | |
| Media type term | computador |
| Media type code | c |
| 338 ## - CARRIER TYPE | |
| Carrier type term | recurso en línea |
| Carrier type code | cr |
| 504 ## - BIBLIOGRAPHY, ETC. NOTE | |
| Bibliography, etc. note | Incluye referencias bibliográficas |
| 505 ## - FORMATTED CONTENTS NOTE | |
| Formatted contents note | Rasgos históricos de los métodos de investigación científica en medicina -- Investigación en salud -- Importancia de la metodología de la investigación -- El problema científico -- Objetivos de la investigación -- Marco teórico en la investigación científica -- Diseños metodológicos para la investigación en el área de la salud -- Recolección de datos -- Cómo elegir la prueba estadística -- Estudios de casos y controles -- Serie de casos -- Estudio de cohortes -- Experimentos y cuasiexperimentos -- Metodología de la investigación en la epidemiología -- El informe final de la investigación -- La estructura del protocolo de investigación y de la tesis -- Responsabilidad profesional en la investigación clínica |
| 590 ## - LOCAL NOTE (RLIN) | |
| Local note | Programa de Enfermería_27 |
| 650 ## - SUBJECT ADDED ENTRY--TOPICAL TERM | |
| Topical term or geographic name entry element | Investigación científica |
| General subdivision | Metodología |
| 700 ## - ADDED ENTRY--PERSONAL NAME | |
| Personal name | Briones Rojas, Rosendo |
| Relator term | autor |
| 700 ## - ADDED ENTRY--PERSONAL NAME | |
| Personal name | Cortés Riveroll, José Gasparl |
| Relator term | autor |
| 856 ## - ELECTRONIC LOCATION AND ACCESS | |
| Uniform Resource Identifier | <a href="https://unicurn.sharepoint.com/:b:/s/biblioteca/ERM9C9S48jVHpSK29Y-NIlEB0IkXnfyFTk4KHKCL5wZaRg?e=fD6G86">https://unicurn.sharepoint.com/:b:/s/biblioteca/ERM9C9S48jVHpSK29Y-NIlEB0IkXnfyFTk4KHKCL5wZaRg?e=fD6G86</a> |
| Public note | Vea este libro electrónico |
| 942 ## - ADDED ENTRY ELEMENTS (KOHA) | |
| Koha item type | Libros electrónicos |
| Classification part | 001.42 |
| Item part | M385m |
| Withdrawn status | Lost status | Source of classification or shelving scheme | Damaged status | Not for loan | Collection | Home library | Current library | Shelving location | Date acquired | Total checkouts | Full call number | Date last seen | Price effective from | Koha item type |
|---|---|---|---|---|---|---|---|---|---|---|---|---|---|---|
| Dewey Decimal Classification | Libros electrónicos | Miguel Henríquez Castañeda Barranquilla | Miguel Henríquez Castañeda Barranquilla | 04/12/2021 | 001.42 M385m | 04/12/2021 | 04/12/2021 | Libros electrónicos |